000 01231nam0a2200301 4500
001 RU\NLR\bibl\1042146
005 20260407062945.0
010 _a5-9684-0526-0
_94000
021 _aRU
_b2006-84030
_94253
035 _a(NLR Aleph) 001029537
090 _a749737
_c749737
100 _a20070207d2006 |||y0rusy50 ca
101 1 _arus
_cjpn
102 _aRU
105 _aa |||||||||
200 1 _aЭнциклопедия здоровья
_e[самая полная на сегодняшний день
_eперевод с японского]
_fКацудзо Ниши, Тадаши Сато
210 _aСанкт-Петербург
_cВектор
_d2006
215 _a334,[1] с.
_cил.
_d21
225 1 _aЦелительные практики
_iЭнциклопедия
606 1 _aНиши оздоровительная система
_jЭнциклопедии
_92237477
_3RU\NLR\auth\661342734
686 _aР358.9я20
700 1 _4070
_8rus
_7ca
_aНиши
_bК.
_gКацудзо
_f1884-1959
_3RU\NLR\auth\7713202
_9122901
701 1 _4070
_8rus
_7ca
_aСато
_bТ.
_gТадаши
_3RU\NLR\auth\7738285
_921269
801 0 _aRU
_bNLR
_c20070207
_gRCR
801 1 _aRU
_bNLR
_c20070207
942 _cBOOK
980 _aNB